5HLuxD.jpg

KING HENRY VIII SENIOR AND PRIMARY SCHOOL LIBRARY OPAC

Meg and Mog : (Record no. 1800)

000 -LEADER
fixed length control field 01376pam a2200361 a 4500
001 - CONTROL NUMBER
control field 016081646
003 - CONTROL NUMBER IDENTIFIER
control field Uk
005 - DATE AND TIME OF LATEST TRANSACTION
control field 20230131085025.0
008 - FIXED-LENGTH DATA ELEMENTS--GENERAL INFORMATION
fixed length control field 120503s2012 enka j 000 1 eng d
015 ## - NATIONAL BIBLIOGRAPHY NUMBER
National bibliography number GBB244620
Source bnb
016 7# - NATIONAL BIBLIOGRAPHIC AGENCY CONTROL NUMBER
Record control number 016081646
Source Uk
020 ## - INTERNATIONAL STANDARD BOOK NUMBER
International Standard Book Number 9780141343631 (pbk.) :
040 ## - CATALOGING SOURCE
Original cataloging agency StDuBDS
Language of cataloging eng
Transcribing agency StDuBDS
Modifying agency Uk
-- KH8
042 ## - AUTHENTICATION CODE
Authentication code ukblcatcopy
082 04 - DEWEY DECIMAL CLASSIFICATION NUMBER
Classification number 823.914 NIC
Edition number 23
100 1# - MAIN ENTRY--PERSONAL NAME
Personal name Nicoll, Helen.
Relator term author
245 10 - TITLE STATEMENT
Title Meg and Mog :
Remainder of title 3 terrific tales /
Statement of responsibility, etc. Helen Nicoll.
260 ## - PUBLICATION, DISTRIBUTION, ETC.
Place of publication, distribution, etc. London :
Name of publisher, distributor, etc. Puffin,
Date of publication, distribution, etc. 2012.
300 ## - PHYSICAL DESCRIPTION
Extent 1 v. (unpaged) :
Other physical details chiefly col. ill. ;
Dimensions 23 cm.
336 ## - CONTENT TYPE
Content type term text
Source rdacontent
337 ## - MEDIA TYPE
Media type term unmediated
Source rdamedia
338 ## - CARRIER TYPE
Carrier type term volume
Source rdacarrier
500 ## - GENERAL NOTE
General note Formerly CIP.
Institution to which field applies Uk
505 0# - FORMATTED CONTENTS NOTE
Formatted contents note Meg's veg. Originally published: London: Heinemann, 1976 -- Mog at the zoo. Originally published: London: Heinemann, 1982 -- Meg up the creek. Originally published: London: Puffin, 2002.
650 #0 - SUBJECT ADDED ENTRY--TOPICAL TERM
Topical term or geographic name entry element Meg (Fictitious character : Nicoll)
Form subdivision Pictorial works
-- Juvenile fiction.
650 #0 - SUBJECT ADDED ENTRY--TOPICAL TERM
Topical term or geographic name entry element Mog (Fictitious character : Nicoll)
Form subdivision Pictorial works
-- Juvenile fiction.
650 #0 - SUBJECT ADDED ENTRY--TOPICAL TERM
Topical term or geographic name entry element Witches
Form subdivision Pictorial works
-- Juvenile fiction.
650 #0 - SUBJECT ADDED ENTRY--TOPICAL TERM
Topical term or geographic name entry element Children's stories, English.
700 1# - ADDED ENTRY--PERSONAL NAME
Personal name Nicoll, Helen.
Title of a work Meg's veg.
700 1# - ADDED ENTRY--PERSONAL NAME
Personal name Nicoll, Helen.
Title of a work Mog at the zoo.
700 1# - ADDED ENTRY--PERSONAL NAME
Personal name Nicoll, Helen.
Title of a work Med up the creek.
942 ## - ADDED ENTRY ELEMENTS (KOHA)
Source of classification or shelving scheme
Koha item type Books - Non Ficton
Holdings
Withdrawn status Lost status Source of classification or shelving scheme Damaged status Not for loan Collection code Permanent Location Current Location Shelving location Date acquired Total Checkouts Full call number Barcode Date last seen Date last checked out Price effective from Koha item type
          Non-Fiction KH8 Primary School Library KH8 Primary School Library Non Fiction 2023-01-31 19 823.914 NIC KHPL000003554 2025-12-05 2025-09-09 2023-01-31 Books - Non Ficton

Powered By KH8 IT Dept